[Event "Bad Woerishofen op-B"]
[Site "Bad Woerishofen"]
[Date "2024.03.14"]
[Round "7"]
[White "Pleyer, Felix"]
[Black "Gihr, Michael"]
[Result "1-0"]
[WhiteElo "1940"]
[BlackElo "1960"]
[PlyCount "99"]
[EventDate "2024.03.08"]
[EventType "swiss"]
[EventRounds "9"]
[EventCountry "GER"]
[SourceTitle "EXT 2025"]
[Source "ChessBase"]
[SourceDate "2024.10.14"]
[SourceVersion "1"]
[SourceVersionDate "2024.10.14"]
[SourceQuality "1"]

1. e4 c5 2. Nf3 d6 3. Bb5+ Nc6 4. d4 cxd4 5. Nxd4 Bd7 6. 0-0 g6 7. Be3 Bg7 8. c4 Nf6 9. f3 0-0 10. Nc3 a6 11. Ba4 Rb8 12. Bc2 Ne5 13. Qe2 Qc7 14. b3 e6 15. Qd2 Rfc8 16. Nde2 b5 17. cxb5 axb5 18. Rac1 Ne8 19. Bb1 Qb7 20. Rfd1 b4 21. Na4 Bxa4 22. bxa4 Nc4 23. Rxc4 Rxc4 24. Bd3 d5 25. Bxc4 dxc4 26. a5 h5 27. Bb6 c3 28. Qd7 Qa6 29. Nd4 Qc4 30. Qa4 Rxb6 31. Qxe8+ Kh7 32. axb6 Bxd4+ 33. Kh1 Kg7 34. b7 c2 35. Rc1 Qd3 36. Qa4 Be5 37. Qxc2 Qe3 38. Rf1 h4 39. Qf2 Qf4 40. g3 hxg3 41. hxg3 Qh6+ 42. Kg2 Qh8 43. Qc5 Qb8 44. f4 Bd6 45. Qc6 e5 46. f5 gxf5 47. Rxf5 f6 48. Qd7+ Kg6 49. Rf1 Qf8 50. Qc8 1-0

[Event "Bad Woerishofen op-B"]
[Site "Bad Woerishofen"]
[Date "2024.03.10"]
[Round "3"]
[White "Gihr, Michael"]
[Black "Kessler, Helmut"]
[Result "1/2-1/2"]
[WhiteElo "1960"]
[BlackElo "1924"]
[PlyCount "59"]
[EventDate "2024.03.08"]
[EventType "swiss"]
[EventRounds "9"]
[EventCountry "GER"]
[SourceTitle "EXT 2025"]
[Source "ChessBase"]
[SourceDate "2024.10.14"]
[SourceVersion "1"]
[SourceVersionDate "2024.10.14"]
[SourceQuality "1"]

1. e4 c6 2. d4 d5 3. Nc3 dxe4 4. Nxe4 Nd7 5. Bc4 Ngf6 6. Ng5 e6 7. Ne2 h6 8. Nf3 Bd6 9. 0-0 Qc7 10. Re1 b6 11. Ng3 0-0 12. c3 Bb7 13. Qe2 c5 14. Bb3 a5 15. Ne5 Ba6 16. Bc4 Bxc4 17. Nxc4 cxd4 18. cxd4 Nd5 19. Nxd6 Qxd6 20. Bd2 N7f6 21. a3 Rfd8 22. Qf3 Rac8 23. Rac1 Qd7 24. Qb3 Kh7 25. h3 Qd6 26. Qd3+ Kg8 27. Qf3 Qd7 28. Qb3 Kh7 29. Qd3+ Kg8 30. Qb3 1/2-1/2

[Event "Calvia Amateur op 20th"]
[Site "Calvia"]
[Date "2023.10.07"]
[Round "1"]
[White "Carrasco Lopez, Juan Luis"]
[Black "Gihr, Michael"]
[Result "1/2-1/2"]
[WhiteElo "1593"]
[BlackElo "2029"]
[PlyCount "79"]
[EventDate "2023.10.07"]
[EventType "swiss"]
[EventRounds "9"]
[EventCountry "ESP"]
[SourceTitle "CBM 216 Extra"]
[Source "ChessBase"]
[SourceDate "2023.11.30"]
[SourceVersion "1"]
[SourceVersionDate "2023.11.30"]
[SourceQuality "1"]

1. e4 c5 2. Nf3 d6 3. d4 cxd4 4. Nxd4 g6 5. c4 Bg7 6. Nc3 Nf6 7. Be2 0-0 8. 0-0 Nc6 9. Be3 Bd7 10. Qd2 Rc8 11. f3 b6 12. Rac1 Nxd4 13. Bxd4 Bc6 14. Be3 Qd7 15. Rfd1 Rfd8 16. b3 Qb7 17. Nd5 Bxd5 18. cxd5 h5 19. Bb5 Nd7 20. Bc6 Qb8 21. Bxd7 Rxd7 22. Rxc8+ Qxc8 23. Rc1 Rc7 24. Rxc7 Qxc7 25. Qc1 Qxc1+ 26. Bxc1 Bd4+ 27. Kf1 b5 28. Ke2 a6 29. a4 e5 30. Be3 Bb2 31. Kd3 Kf8 32. Bg5 Ke8 33. g4 Kd7 34. Be3 Kc7 35. Kc2 Ba3 36. Kc3 Bc5 37. Bxc5 dxc5 38. a5 Kd6 39. Kd3 Ke7 40. h3 1/2-1/2

[Event "Hofheim Spring op-B 5th"]
[Site "Hofheim"]
[Date "2017.04.08"]
[Round "2"]
[White "Gihr, Michael"]
[Black "Schubert, Nikita"]
[Result "1-0"]
[WhiteElo "1958"]
[BlackElo "1792"]
[PlyCount "81"]
[EventDate "2017.04.07"]
[EventType "swiss"]
[EventRounds "9"]
[EventCountry "GER"]
[SourceTitle "CBM 178 Extra"]
[Source "ChessBase"]
[SourceDate "2017.06.22"]
[SourceVersion "1"]
[SourceVersionDate "2017.06.22"]
[SourceQuality "1"]

1. d4 Nf6 2. c4 e6 3. Nc3 Bb4 4. Nf3 0-0 5. Bg5 h6 6. Bd2 b6 7. g3 Bb7 8. Bg2 c5 9. dxc5 bxc5 10. 0-0 Nc6 11. Qc2 Qe7 12. Rfd1 Rfd8 13. Rac1 Rac8 14. a3 Bxc3 15. Bxc3 d6 16. b4 cxb4 17. axb4 Nd7 18. Bb2 Nb6 19. Qb3 d5 20. c5 Nc4 21. Ba1 Rb8 22. b5 N6a5 23. Qc3 f6 24. c6 Ba8 25. Nd4 a6 26. Nxe6 Rd6 27. Nf4 Rxb5 28. Bxd5+ Rbxd5 29. Rxd5 Bxc6 30. Rxd6 Qxd6 31. Qd4 Bb5 32. Qxd6 Nxd6 33. Rc7 Nb3 34. Bc3 a5 35. Ra7 a4 36. Bb4 Nc4 37. Nh5 Nd4 38. Nxg7 Nxe2+ 39. Kg2 Bc6+ 40. Kf1 Nd4 41. Nh5 1-0